000 00416nam a2200169Ia 4500
008 090711s9999 xx 000 0 und d
082 _b64421
100 _aतिबिले अनंत
245 _aधडक
260 _c1991
300 _a223
600 _aतिबिले अनंत
630 _aधडक
700 _aतिबिले अनंत
730 _aधडक
942 _cBOOK
999 _c326766
_d326766